000 00816nam a22001577a 4500
020 _a978-93-86832-83-2
082 _a158
_bKIN/G
100 _aKING, VEX
245 _aGOOD VIBES GODD LIFE:HOW SELF-LOVE IS THE KEY TO UNLOCKING YOUR GREATNESS
246 _aGOOD VIBES GODD LIFE:HOW SELF-LOVE IS THE KEY TO UNLOCKING YOUR GREATNESS
_bGOOD VIBES GODD LIFE:HOW SELF-LOVE IS THE KEY TO UNLOCKING YOUR GREATNESS
260 _aNEW DELHI
_bHAY HOUSE PUBLISHERS
_c2023
300 _a272
520 _aGood Vibes, Good Life is a book about manifesting what you want, living meaningfully, and appreciating the little things. The author explains how to be happy with yourself by embracing what is already there. With this knowledge as a foundation, you can start manifesting right away.
650 _aMOTIVATIONAL
942 _cBK
999 _c6895
_d6895